| 000 | 01215nam a2200253Ia 4500 | ||
|---|---|---|---|
| 003 | OSt | ||
| 005 | 20200917221309.0 | ||
| 008 | 191128t2000 ck gr 000 0 spa d | ||
| 020 | _a9588232570 | ||
| 040 |
_aCO-JMCR _cCO-JMCR |
||
| 041 | 0 | _aspa | |
| 082 | 0 | 4 |
_a808.543 / _bS944u _223 |
| 100 | 1 |
_aSuescún, Nicolás, _eautor _910454 |
|
| 245 | 1 | 0 |
_aUn beso frío y otros cuentos bogotanos / _cNicolás Suescún, Luis Fayad, Mauricio Reyes Posada, [y otros 5] |
| 260 |
_aBogotá : _bAlcaldía Mayor de Bogotá ; Instituto Distrital Cultural y Turismo (IDARTES), _c©2000 |
||
| 300 |
_a131 páginas ; _c17 cm. |
||
| 490 | 0 | _aLibro al viento | |
| 505 | 0 |
_tEl amigo de Mario / _rNicolás Suescún _tHasta mañana por la noche / _rLuis Fayad _tCasimiro mire Casimiro / _rMauricio Reyes Posada _tUn editor pirata / _rRoberto Rubiano Vargas _tHistoria familiar / _rJulio Paredes _t Un beso frío / _rEvelio José Rosero _tLa vida está llena de cosas así / _rSantiago Gamboa _tQuerida señora / _rRicardo Silva Romero |
|
| 650 | 1 | 4 |
_aPoesía colombiana _910455 |
| 650 | 1 | 4 |
_aLiteratura colombiana _910456 |
| 700 | 1 |
_aFayad, Luis, _eautor _910457 |
|
| 700 | 1 |
_aReyes Posada, Mauricio, _eautor _910458 |
|
| 942 |
_2ddc _cBK |
||
| 999 |
_c3318 _d3318 |
||